Statistics for Largest National Parks In The USA

Click here to take the quiz!

General Stats

  • This quiz has been taken 48 times
  • The average score is 7 of 13

Answer Stats

HintAnswer% Correct
AlaskaDenali
73%
ArizonaGrand Canyon
73%
Mostly WyomingYellowstone
70%
FloridaEverglades
65%
WashingtonMount Rainier
62%
WahingtonOlympic
59%
CaliforniaJoshua Tree
57%
CaliforniaYosemite
54%
TexasBig Bend
43%
UtahCapitol Reef
32%
CaliforniaChannel Islands
32%
CaliforniaDeath vValley
27%
AlaskaGates Of The Arctic
27%

Score Distribution

Percentile by Number Answered

Percent of People with Each Score

Your Score History

You have not taken this quiz